000 00708nam a2200181Ia 4500
008 090630s9999 xx 000 0 und d
082 _b5816
100 _aदेवळे श. रा.
245 _aशिवाजी महाराजांच्या नवलकथा.
_cदेवळे श. रा.
260 _bश्रीविद्या.
_c1980
300 _a61
600 _aदेवळे श. रा.
630 _aशिवाजी महाराजांच्या नवलकथा.
655 _aबालवाङमय.
700 _aदेवळे श. रा.
730 _aशिवाजी महाराजांच्या नवलकथा.
942 _cBOOK
999 _c257672
_d257672